[Event "Cafe Baroque International 1st"]
[Site "London, Simpsons"]
[Date "1994.02.20"]
[Round "9"]
[White "McEwan, Ken B"]
[Black "McDonald, Neil R"]
[Result "1/2-1/2"]
[WhiteElo "2150"]
[BlackElo "2390"]
[PlyCount "75"]
[EventDate "1994.02.12"]
[EventType "tourn"]
[EventRounds "9"]
[EventCountry "ENG"]
[EventCategory "3"]
[SourceTitle "BritBase"]
[Source "John Saunders"]
[SourceDate "2023.06.01"]
[SourceVersion "1"]
[SourceVersionDate "2023.06.01"]
[SourceQuality "1"]

1. e4 e6 2. d4 d5 3. Nd2 Nf6 4. e5 Nfd7 5. Bd3 c5 6. c3 Nc6 7. Ne2 cxd4 8. cxd4
f6 9. exf6 Nxf6 10. O-O Bd6 11. Nf3 Qc7 12. Ng3 O-O 13. Bd2 Bd7 14. Rc1 Qb6 15.
Bc3 Bf4 16. Ra1 Rad8 17. Ne5 Nxe5 18. dxe5 Ne4 19. Nxe4 dxe4 20. Bxe4 Bb5 21.
Qh5 Bh6 22. Rfe1 Rxf2 23. Kh1 Rdf8 24. Qd1 Qa6 25. Qd6 Bc6 26. Qxe6+ Kh8 27.
Bd4 R2f4 28. Bxc6 Rxd4 29. Bd5 Qb5 30. Bf3 Bf4 31. Qe7 Rdd8 32. Qxb7 Qc5 33. e6
Rb8 34. e7 Rfe8 35. Qd5 Qxd5 36. Bxd5 Bg5 37. Re2 Rxe7 38. Rxe7 1/2-1/2

[Event "Cafe Baroque International 1st"]
[Site "London, Simpsons"]
[Date "1994.02.20"]
[Round "9"]
[White "Morris, Philip"]
[Black "Summerscale, Aaron P"]
[Result "1-0"]
[WhiteElo "2390"]
[BlackElo "2410"]
[PlyCount "107"]
[EventDate "1994.02.12"]
[EventType "tourn"]
[EventRounds "9"]
[EventCountry "ENG"]
[EventCategory "3"]
[SourceTitle "BritBase"]
[Source "John Saunders"]
[SourceDate "2023.06.01"]
[SourceVersion "1"]
[SourceVersionDate "2023.06.01"]
[SourceQuality "1"]

1. e4 c5 2. Nf3 d6 3. d4 cxd4 4. Nxd4 Nf6 5. Nc3 a6 6. Bg5 e6 7. f4 Be7 8. Qf3
Nbd7 9. O-O-O Qc7 10. g4 b5 11. Bxf6 Nxf6 12. g5 Nd7 13. f5 Ne5 14. Qg3 Bd7 15.
Bh3 Qc4 16. Kb1 Rc8 17. Nce2 O-O 18. fxe6 fxe6 19. Nf4 Qb4 20. a3 Qa4 21. Bxe6+
Bxe6 22. Nfxe6 Rfe8 23. Qb3 Qxb3 24. cxb3 g6 25. Rc1 Nd3 26. Rxc8 Rxc8 27. b4
Nf2 28. Rc1 Rxc1+ 29. Kxc1 Nxe4 30. h4 Kf7 31. Kc2 d5 32. Nc7 Bd6 33. Nxa6 Bg3
34. Nf3 Nd6 35. Nc7 Nf5 36. Nxb5 Nxh4 37. Nbd4 Nxf3 38. Nxf3 Ke6 39. Kd3 Bf4
40. a4 h5 41. a5 Kd6 42. a6 Kc6 43. b5+ Kb6 44. Kd4 Bg3 45. Kxd5 Bf2 46. Ke6
Kxb5 47. Kf6 Kxa6 48. Kxg6 h4 49. Kh5 h3 50. Kg4 Bd4 51. b3 Ka5 52. Kxh3 Bh8
53. Kg4 Kb4 54. Nd2 1-0

[Event "Cafe Baroque International 1st"]
[Site "London, Simpsons"]
[Date "1994.02.20"]
[Round "9"]
[White "Tyrtania, Maximilian"]
[Black "O'Shaughnessy, Conor"]
[Result "1-0"]
[WhiteElo "2245"]
[BlackElo "2295"]
[PlyCount "59"]
[EventDate "1994.02.12"]
[EventType "tourn"]
[EventRounds "9"]
[EventCountry "ENG"]
[EventCategory "3"]
[SourceTitle "BritBase"]
[Source "John Saunders"]
[SourceDate "2023.06.01"]
[SourceVersion "1"]
[SourceVersionDate "2023.06.01"]
[SourceQuality "1"]

1. d4 Nf6 2. c4 e6 3. Nc3 c5 4. d5 exd5 5. cxd5 d6 6. e4 g6 7. Nge2 Bg7 8. Ng3
O-O 9. Be2 Na6 10. O-O Nc7 11. Bg5 h6 12. Be3 Re8 13. Qd2 b5 14. Nxb5 Nxe4 15.
Nxe4 Rxe4 16. Nc3 Rb4 17. a3 Rb6 18. Bxh6 Bxh6 19. Qxh6 Rxb2 20. Rfe1 Rab8 21.
Bf3 Bf5 22. Qf4 Rc2 23. Nd1 Nb5 24. Ne3 Nd4 25. Rad1 Ra2 26. Nc4 Bc2 27. Nxd6
Qc7 28. Qf6 Bxd1 29. Ne8 Ne2+ 30. Rxe2 1-0